00357nam a22001217a 450000500170000002000220001703500130003903700130005224500790006526000440014430000220018870000250021020120502114016.0 a8185565759c00.00 aA-948804 aDPLbENG aCoalition government and politics in India /cedited by Subhash C. Kashyap aNew DelhibUppal Publishing Housec1997 av, 146p.c20 cms. aKashyap, Subhash C.